Statistics for NBA players by iconic teammates

Click here to take the quiz!

General Stats

  • This quiz has been taken 49 times
    (29 since last reset)
  • The average score is 12 of 17

Answer Stats

HintAnswer% Correct
DWade/AD/Kevin Love/Kyrie/Westbrook/Bosh/Pat Bev/D'Angelo RussellLeBron James
100%
Tim Duncan/Kyle Lowry/PG/Manu Ginobli/Fred VanVleetKawhi Leonard
91%
Steph Curry/Seth Curry/Kyrie/Westbrook/Harden/KlayKevin Durant
91%
Pau Gasol/Shaquille O'Neal/Derek Fisher/Lamar Odom/D'Angelo RussellKobe Bryant
91%
LeBron/KD/Tatum/Ben Simmons/Yuta Watanabe/Kevin LoveKyrie Irving
91%
DWade/Kobe/Lebron/Penny Hardaway/Rick FoxShaquille O'Neal
91%
KD/Westbrook/Joel Embid/Kyrie/Ben SimmonsJames Harden
86%
Pippen/Rodman/Steve Kerr/Charles OakleyMichael Jordan
86%
Harden/Booker/Blake Griffin/Deandre Ayton/Chris Paul
77%
DRose/K.A.T/Embid/Herro/Bam/Jimmy Butler
77%
KD/Harden/LeBron/AD/PG/Mello/Steven Adams/Clint CapelaRussel Westbrook
77%
Lebron/Shaq/Udonis/Alonzo Mourning/DRose/BoshDwayne Wade
64%
DeRozan/Kawhi/Jimmy Butler/Marc Gasol/SiakamKyle Lowry
59%
Embid/KD/Kyrie/Harden/Butler/Yuta/Seth Curry/Tobias HarrisBen Simmons
45%
LeBron/Mitchell Robinson/Jimmy Butler/Blake Griffin/RJ Barett/Joakim NoahDerrick Rose
45%
Tatum/KD/Kyrie/CP3/Andre Drummond/Jaylen Brown/Deandre JordanBlake Griffin
41%
Lebron/AD/Brandon Ingram/Zion/Derozan/Lavine/Caruso/VučevićLonzo Ball
32%

Score Distribution

Percentile by Number Answered

Percent of People with Each Score

Your Score History

You have not taken this quiz since the last reset